[Event "Skopje op-B"]
[Site "Skopje"]
[Date "2023.12.08"]
[Round "4"]
[White "Guleryuz, Zeynep"]
[Black "Linkinoski, Borce"]
[Result "1-0"]
[WhiteElo "1143"]
[BlackElo "1472"]
[PlyCount "87"]
[EventDate "2023.12.06"]
[EventType "swiss"]
[EventRounds "9"]
[EventCountry "MKD"]
[SourceTitle "CB51_2023"]
[SourceDate "2023.12.20"]
[SourceVersion "1"]
[SourceVersionDate "2023.12.20"]
[SourceQuality "1"]

1. e4 c6 2. d4 d5 3. exd5 cxd5 4. Bd3 Nf6 5. h3 Nc6 6. c3 e5 7. dxe5 Nxe5 8. Qe2 Qe7 9. Bc2 Bd7 10. Nd2 Bc6 11. Ngf3 Nxf3+ 12. Nxf3 Qxe2+ 13. Kxe2 Bc5 14. Be3 Bxe3 15. Kxe3 0-0 16. Nd4 Rfe8+ 17. Kf3 Re5 18. Rhe1 Rae8 19. Rxe5 Rxe5 20. Nxc6 bxc6 21. Rd1 Ne4 22. Bxe4 Rxe4 23. Rd3 Kf8 24. Re3 Rxe3+ 25. Kxe3 Ke7 26. b4 Kd6 27. Kd4 h5 28. h4 f6 29. a4 g5 30. hxg5 fxg5 31. f3 h4 32. a5 a6 33. Kd3 Ke5 34. Ke2 Kf4 35. Kf2 g4 36. fxg4 Kxg4 37. Ke2 Kf4 38. Kf2 Ke4 39. Ke2 d4 40. c4 d3+ 41. Kd2 Kd4 42. b5 cxb5 43. cxb5 axb5 44. a6 1-0

[Event "Skopje op-B"]
[Site "Skopje"]
[Date "2023.12.06"]
[Round "1"]
[White "Alarova, Lile"]
[Black "Guleryuz, Zeynep"]
[Result "1/2-1/2"]
[WhiteElo "1698"]
[BlackElo "1143"]
[PlyCount "87"]
[EventDate "2023.12.06"]
[EventType "swiss"]
[EventRounds "9"]
[EventCountry "MKD"]
[SourceTitle "CB51_2023"]
[SourceDate "2023.12.20"]
[SourceVersion "1"]
[SourceVersionDate "2023.12.20"]
[SourceQuality "1"]

1. d4 d5 2. Bf4 e6 3. e3 Bd6 4. Bg3 Ne7 5. Nf3 Nf5 6. Bd3 Nxg3 7. hxg3 h6 8. Nbd2 Nd7 9. c3 e5 10. dxe5 Nxe5 11. Nxe5 Bxe5 12. Qh5 Bf6 13. 0-0-0 Be6 14. Kb1 Qd7 15. Nb3 Bg4 16. Nc5 Bxh5 17. Nxd7 Bxd1 18. Nxf6+ gxf6 19. Rxd1 h5 20. Bf5 Rd8 21. Rh1 Ke7 22. Kc2 Rd6 23. Bg4 Rc6 24. Rxh5 Rxh5 25. Bxh5 f5 26. Bf3 Ke6 27. b3 b5 28. Kb2 Rd6 29. Be2 c6 30. g4 Rd8 31. gxf5+ Kxf5 32. Bh5 Ke6 33. Bg4+ Kd6 34. Kc2 Rg8 35. Bh3 c5 36. a3 f5 37. f3 Rg3 38. Kd3 a5 39. b4 axb4 40. axb4 Rg5 41. bxc5+ Kxc5 42. f4 Rg3 43. Bxf5 Rxg2 44. Bd7 1/2-1/2

[Event "TUR-ch (Women)"]
[Site "Ayvalik"]
[Date "2022.03.06"]
[Round "3"]
[White "Engin, Cagla"]
[Black "Guleryuz, Zeynep"]
[Result "1-0"]
[WhiteElo "1421"]
[BlackElo "1199"]
[PlyCount "49"]
[EventDate "2022.03.05"]
[EventType "swiss"]
[EventRounds "9"]
[EventCountry "TUR"]
[SourceTitle "EXT 2023"]
[Source "ChessBase"]
[SourceDate "2022.10.05"]
[SourceVersion "1"]
[SourceVersionDate "2022.10.05"]
[SourceQuality "1"]

1. e4 c5 2. Nc3 d6 3. g3 Nc6 4. Bg2 Nf6 5. d3 e6 6. Nge2 Be7 7. 0-0 0-0 8. h3 d5 9. exd5 exd5 10. d4 cxd4 11. Nxd4 Bc5 12. Nb3 Bb6 13. Bg5 d4 14. Nd5 h6 15. Nxf6+ gxf6 16. Bxh6 Re8 17. Qh5 Re5 18. Qh4 f5 19. Bg5 f6 20. Bxf6 Qd6 21. Qh8+ Kf7 22. Qg7+ Ke6 23. Bxc6 bxc6 24. Bxe5 Qxe5 25. Rae1 1-0

[Event "Online Olym Disabilities"]
[Site "Tornelo INT"]
[Date "2020.11.24"]
[Round "4.19"]
[White "Guleryuz, Zeynep"]
[Black "Polanco Colina, Juan Marcos"]
[Result "0-1"]
[WhiteElo "1199"]
[BlackElo "1729"]
[PlyCount "120"]
[EventDate "2020.11.21"]
[EventType "team-swiss (rapid)"]
[EventRounds "7"]
[EventCountry "NET"]
[SourceTitle "CBM 199 Extra"]
[Source "ChessBase"]
[SourceDate "2021.01.31"]
[SourceVersion "1"]
[SourceVersionDate "2021.01.31"]
[SourceQuality "1"]
[WhiteTeam "Turkey III"]
[BlackTeam "Venezuela"]
[WhiteTeamCountry "TUR"]
[BlackTeamCountry "VEN"]

1. d4 Nf6 2. c4 g6 3. Nc3 Bg7 4. e4 d6 5. h3 0-0 6. Nf3 e5 7. d5 c6 8. Be3 Qa5 9. Qd2 cxd5 10. cxd5 a6 11. a3 Rd8 12. b4 Qc7 13. Rc1 Qe7 14. Bb6 Re8 15. Bd3 Nbd7 16. Be3 Nh5 17. Bh6 Bxh6 18. Qxh6 Nf4 19. Be2 Nxg2+ 20. Kf1 Nf4 21. Ng5 Nf6 22. h4 Qf8 23. Qxf8+ Rxf8 24. Nd1 h6 25. Nf3 Nxe4 26. Nc3 Nf6 27. Nd2 Bh3+ 28. Ke1 Rac8 29. Kd1 Bg2 30. Rg1 N6xd5 31. Rxg2 Nxc3+ 32. Rxc3 Rxc3 33. Rg3 Nxe2 34. Kxe2 Rxg3 35. fxg3 f5 36. Nc4 Rd8 37. Kf3 Kf7 38. g4 Ke6 39. gxf5+ gxf5 40. Ne3 d5 41. h5 Rc8 42. Nd1 Rc4 43. Ke3 Rh4 44. Nf2 Rxh5 45. Nd3 Rh3+ 46. Ke2 Rxd3 47. Kxd3 b5 48. Ke3 d4+ 49. Ke2 e4 50. Kd2 f4 51. Kc2 h5 52. Kb2 h4 53. Kb3 h3 54. a4 h2 55. axb5 axb5 56. Ka2 h1Q 57. Ka3 f3 58. Kb2 f2 59. Kc2 f1Q 60. Kb2 Qf2+ 0-1